00483nam a2200121Ia 4500008004100000245017000041260003500211260000900246300000800255500001900263650001300282856006600295170516s9999 xx 000 0 und d aDesign and evaluation of self‑nanoemulsifying drug delivery systems for nebivolol hydrochloride Rahul Shankar Narkhede, Kishor N. Gujar, Vaishali Makarand Gambhire bAsian Journal of Pharmaceutics c2014 a8:3 aJuly-September xPharmacy uhttp://www.asiapharmaceutics.info/index.php/ajp/issue/view/49